banner koha

Eficacia terapeutica do cefacetrile frente aos microorganismos dos generos Staphylococcus e Streptococcus isolados de mastites subclinicas [antibiotico] (Registro n. 118846)

MARC details
000 -LÍDER
campo de controle de tamanho fixo 00970nas a2200265 4500
001 - NÚMERO DE CONTROLE
campo de controle BR8602668
003 - IDENTIFICADOR DO NÚMERO DE CONTROLE
campo de controle BR-BrBNA
005 - DATA E HORÁRIO DA ÚLTIMA TRANSAÇÃO
campo de controle 20231205090509.0
007 - CAMPO FIXO DE DESCRIÇÃO FÍSICA--INFORMAÇÃO GERAL
campo de controle de tamanho fixo ta
008 - CAMPO DE DADOS FIXOS--INFORMAÇÃO GERAL
campo de controle de tamanho fixo 230509b bl.|||p| |||| 00| 00por d
040 ## - FONTE DA CATALOGAÇÃO
Instituição da catalogação original BR-BrBNA
Idioma da catalogação por
Instituição que transcreveu o registro Biblioteca Nacional de Agricultura
041 ## - CÓDIGO DE IDIOMA
Código do idioma do texto/trilha sonora ou título diferente (Pt)
072 ## - CÓDIGO DE CATEGORIA DE ASSUNTO
Código de Categoria de Assunto L73
100 1# - ENTRADA PRINCIPAL--NOME PESSOAL
Nome pessoal Langenegger, J.
100 1# - ENTRADA PRINCIPAL--NOME PESSOAL
Nome pessoal Figueiredo, M.P.
100 1# - ENTRADA PRINCIPAL--NOME PESSOAL
Nome pessoal Rezende, E.F.
245 1# - TÍTULO
Título Eficacia terapeutica do cefacetrile frente aos microorganismos dos generos Staphylococcus e Streptococcus isolados de mastites subclinicas [antibiotico]
246 1# - FORMA VARIANTE DO TÍTULO
Título/título abreviado Therapeutic efficacy of cefacetrile against microorganisms from species Staphylococcus and Streptococcus isolated in subclinic astitis
650 ## - ASSUNTO--TERMO TÓPICO
Cabeçalho tópico ou nome geográfico BOVINO
650 ## - ASSUNTO--TERMO TÓPICO
Cabeçalho tópico ou nome geográfico MAMITE
650 ## - ASSUNTO--TERMO TÓPICO
Cabeçalho tópico ou nome geográfico ANTIBIOTICO
773 0# - ENTRADA ANALÍTICA
Título Hora Veterinaria (Brazil)
ISSN - International Standard Serial Number ISSN 0101-9163
Partes relacionadas (Mar-Apr 1986), v. 5(30) p. 24-27
Número de controle do registro BR8602668
909 ## -
-- 202311
-- Lúcia
-- 55
-- Lúcia Elande
942 ## - ELEMENTOS DE ENTRADA ADICIONADOS (KOHA)
Fonte da classificação ou esquema de arquivamento na estante Classificação AGRIS
Ocultar no OPAC Não
Tipo de material Koha Analítica
Exemplares
Situação do descarte Fonte da classificação ou esquema de arquivamento na estante Situação física Não pode ser emprestado Biblioteca de origem Biblioteca atual Localização na estante Enumeração do periódico / cronologia Total de empréstimos Data de último acesso Número do exemplar Tipo de material Koha Fonte de aquisição
  Classificação AGRIS   Consulta local Biblioteca Nacional de Agricultura - Binagri Biblioteca Nacional de Agricultura - Binagri   (Mar-Apr 1986), v. 5(30) p. 24-27   29/11/2023 01 Periódicos Portaria Interministerial nº 164/94

BINAGRI

Telefone: (61)3218-2567/2388/3357/2097 - binagri@agro.gov.br

Ministério da Agricultura e Pecuária , Esplanada dos Ministérios, Bloco D, Anexo B, Brasília/DF, CEP: 70.043-900